000 00658nam a22002177a 4500
003 OSt
005 20250904195408.0
008 190810b2009 ||||| |||| 00| 0 eng
020 _a8186424008
040 _cn
041 _aEnglish
082 _a362.11 MUR
100 _aMurthy Pratima
245 _aWorkplace well-being :
_cIntegrating psychosocial issues with health
260 _aBangalore
_bN I M H A N S
_c2009
300 _aHB
600 _a Public Health
_aWorkplace - Psychology
700 _aSankaran Lakshmi
856 _qhttps://nimhans.ac.in/cam/sites/default/files/Publications/Workplace_well_being_-_Book__2_.pdf
942 _2ddc
_cBK
999 _c114924
_d114924